01004nam a22002657a 45000010005000000030006000050050017000110080041000280200015000690400029000840500018001130820011001311000020001422450073001622500041002352600029002763000045003055050007003505200242003575210018005995210018006176500021006356500050006567000032007067828FISKH20250811141914.0250811b cb ||||| |||| 00| 0 eng d a079450583X aFISKHbengcFISKHdFISKH aPZ7.P974152 S a823.92 aPunter, Russell aStories of pirates /cRussell Punter ; Illustratted by Christyan Fox aThis edition first published in 2007 aLondon :bUsborne,c2004 a48 pages :bcolor illustrations ;c20 cm aP  aIn three tales, Pirate School graduate Charlie Crossbones buys a used parrot with a most upsetting habit, Molly Mullet uses her piloting skills to trick Captain Spike, and cabin boy Sam Sardine searches for the mysterious Masked Pirate. 8 a610 bLexile 8 aP bRaz-Plus  2PiratesaUsborne 2Elementary - fiction PUNaSummer Fun Festival aFox, Christyandillustrator